Appraising Vocational Fitness / (Record no. 8224)
[ view plain ]
| 000 -LEADER | |
|---|---|
| fixed length control field | 00626nam a2200241 a 4500 |
| 001 - CONTROL NUMBER | |
| JCCL Control Number | 8224 |
| 003 - CONTROL NUMBER IDENTIFIER | |
| JCCL marc code | BD-JhCC |
| 005 - DATE AND TIME OF LATEST TRANSACTION | |
| control field | 20180219134650.0 |
| 008 - FIXED-LENGTH DATA ELEMENTS--GENERAL INFORMATION | |
| fixed length control field | 180219s1962 u |||| || | 001 0 eng d |
| 035 ## - SYSTEM CONTROL NUMBER | |
| system control number | (BD-JhCC)8224 |
| 040 ## - CATALOGING SOURCE | |
| Original cataloging agency | BD-JhCC |
| Modifying agency | BD-JhCC |
| 041 ## - LANGUAGE CODE | |
| Language code of Book | eng |
| 082 ## - DEWEY DECIMAL CLASSIFICATION NUMBER | |
| Classification number | 151.223 |
| Author mark and Year | SUP 1962 |
| 100 ## - MAIN ENTRY--PERSONAL NAME | |
| Personal name | Super, Donald E. |
| 245 ## - TITLE STATEMENT | |
| Title | Appraising Vocational Fitness / |
| Statement of responsibility, etc | Donald E. Super and John O. Crites |
| 260 ## - PUBLICATION, DISTRIBUTION, ETC. (IMPRINT) | |
| Place of publication, distribution, etc | New York ; |
| Name of publisher, distributor, etc | Harper & Row Publishers, |
| Date of publication, distribution, etc | 1962. |
| 300 ## - PHYSICAL DESCRIPTION | |
| Pagination | 688 p. : |
| Dimensions | 24 cm. |
| 504 ## - BIBLIOGRAPHY, ETC. NOTE | |
| Bibliography, etc | Includes Index |
| 650 ## - SUBJECT ADDED ENTRY--TOPICAL TERM | |
| Topical term or geographic name as entry element | Ability |
| 651 ## - SUBJECT ADDED ENTRY--GEOGRAPHIC NAME | |
| General subdivision | Testing |
| 942 ## - ADDED ENTRY ELEMENTS (KOHA) | |
| Source of classification or shelving scheme | Dewey Decimal Classification |
| Koha item type | Books |
| Source of classification or shelving scheme | Damaged status | Not for loan | Home library | Current library | Shelving location | Date of accession | Total Checkouts | Full call number | Barcode | Date last seen | Copy number | Koha item type |
|---|---|---|---|---|---|---|---|---|---|---|---|---|
| Dewey Decimal Classification | JCC Rouf Library | JCC Rouf Library | General Stacks | 02/19/2018 | 151.223 SUP 1962 | 877 | 02/19/2018 | C-1 | Books |